000 01037cam a2200301 a 4500
001 2083
005 20231204134022.0
020 _a030704601X
020 _a03350092551
020 _a030760246X
040 _aDLC
_cDLC
_dDLC
_beng
050 0 0 _aPZ7.R884
082 0 0 _a464
100 _aMay, Robert L.
_d1905-1976
245 0 0 _aRudolph the red-nosed reindeer shines again /
_cadapted from the story by Robert L. May ; illustrated by Darrell Baker.
260 _aRacine :
_bWestern Pub. Co,
_c1982
300 _a24 pages :
_c20 cm
490 0 _aA Little golden book
505 _aH
520 _aDevastated when his nose loses its shine, Rudolph spends all his time crying and feeling sorry for himself until he becomes involved in the search for two baby rabbits.
521 _a500
_bLexile estimate
521 _aH
_bRaz-Plus
650 1 _aReindeer
_vFiction.
650 1 _aChristmas
_vFiction.
700 1 _aBaker, Darrell
_eillustrator
906 _a7
_bcbc
_corignew
_d3
_eopcn
_f19
_gy-gencatlg
942 _2ddc
_cBK
_n0
999 _c2083
_d2083